ბათუმის შოთა რუსთაველის სახელმწიფო უნივერსიტეტის ბიბლიოთეკა

ბოტანიკა ნ.1. მცირე პრაქტიკუმი ბოტანიკაში (ბიბ.ჩანაწერი № 41627)

000 -LEADER
fixed length control field 00852nam a2200229Ia 4500
001 - CONTROL NUMBER
control field 8296
003 - CONTROL NUMBER IDENTIFIER
control field GE_BSU
008 - FIXED-LENGTH DATA ELEMENTS--GENERAL INFORMATION
fixed length control field 181216s||||||||xx |||||||||||||| ||und||
020 ## - INTERNATIONAL STANDARD BOOK NUMBER
International Standard Book Number 9789941044311
040 ## - CATALOGING SOURCE
Transcribing agency GE_BSU
080 ## - UNIVERSAL DECIMAL CLASSIFICATION NUMBER
Universal Decimal Classification number 58(075.8)+582.23/.29(075.8)
100 ## - MAIN ENTRY--PERSONAL NAME
Personal name თოდუა,ვ. ჭურღულია–შურღაია,მ.
245 ## - TITLE STATEMENT
Title ბოტანიკა ნ.1. მცირე პრაქტიკუმი ბოტანიკაში
245 ## - TITLE STATEMENT
Remainder of title უმდაბლესი მცენარეები. სასწავლო მეთოდური პროგრამა
245 ## - TITLE STATEMENT
Statement of responsibility, etc. რედ. დოდო პატარაია
260 ## - PUBLICATION, DISTRIBUTION, ETC.
Place of publication, distribution, etc. თბილისი
260 ## - PUBLICATION, DISTRIBUTION, ETC.
Date of publication, distribution, etc. 2012
300 ## - PHYSICAL DESCRIPTION
Extent 180გვ.30სმ.
653 ## - INDEX TERM--UNCONTROLLED
Uncontrolled term ბოტანიკა
942 ## - ADDED ENTRY ELEMENTS (KOHA)
Koha item type წიგნი
ეგზემპლარები
Withdrawn status Lost status Damaged status Not for loan Date acquired Barcode Date last seen Price effective from Koha item type
        2018-12-17 30150 2018-12-17 2018-12-17 წიგნი
        2018-12-17 30151 2018-12-17 2018-12-17 წიგნი
        2018-12-17 30152 2018-12-17 2018-12-17 წიგნი
        2018-12-17 30153 2018-12-17 2018-12-17 წიგნი
        2018-12-17 30154 2018-12-17 2018-12-17 წიგნი
        2018-12-17 30155 2018-12-17 2018-12-17 წიგნი
        2018-12-17 30156 2018-12-17 2018-12-17 წიგნი
        2018-12-17 30157 2018-12-17 2018-12-17 წიგნი
        2018-12-17 30158 2018-12-17 2018-12-17 წიგნი
        2018-12-17 30159 2018-12-17 2018-12-17 წიგნი